000 00574nam a22002177a 4500
003 UA-OsUOA
001 34906
007 ta
008 20051031b un ||||| |||| 00| 0 ukr d
090 _a141.1
_bА72
942 _cBK
040 _aUA-OsUOA
_brus
_cUA-OsUOA
_dUA-OsUOA
245 _aАнтология кинизма
300 _a400 с.
955 _a2
041 _arus
080 _a141.1
260 _aМ.
_bНаука
_c1984
246 3 1 _aАнтисфен. Диоген. Кратет. Керкид. Дион
_n
650 7 _a1 Філософські науки
_2UDC
999 _c321333
_d321333